Lc. 15: 11-32 (Запись № 13374902)

Подробности
000 -МАРКЕР
контрольное поле 01748nam0a2200337 4500
001 - ИДЕНТИФИКАТОР ЗАПИСИ
контрольное поле RU\NLR\BIBL_A\022479838
005 - ИДЕНТИФИКАТОР ВЕРСИИ
контрольное поле 20260408220544.0
010 ## - МЕЖДУНАРОДНЫЙ СТАНДАРТНЫЙ НОМЕР КНИГИ (ISBN)
Номер (ISBN) 978-5-6042836-0-8
Тираж 1000
035 ## - ДРУГИЕ СИСТЕМНЫЕ НОМЕРА
Идентификатор записи (NLR Aleph) 022479838
100 ## - ДАННЫЕ ОБЩЕЙ ОБРАБОТКИ
Данные общей обработки 20250305d2020 |||y0rusy50 ca
101 0# - ЯЗЫК РЕСУРСА
Язык текста, звукозаписи и т.д. русский
102 ## - СТРАНА ПУБЛИКАЦИИ ИЛИ ПРОИЗВОДСТВА
Страна публикации Российская Федерация
105 ## - ПОЛЕ КОДИРОВАННЫХ ДАННЫХ: ТЕКСТОВЫЕ МАТЕРИАЛЫ, МОНОГРАФИЧЕСКИЕ
Кодированные данные о монографическом текстовом документе ac z 100yy
181 #0 - ПОЛЕ КОДИРОВАННЫХ ДАННЫХ: ВИД СОДЕРЖАНИЯ
Код вида содержания (ISBD) b3
Код характеристики содержания (ISBD) bb2e
181 #0 - ПОЛЕ КОДИРОВАННЫХ ДАННЫХ: ВИД СОДЕРЖАНИЯ
Код вида содержания (ISBD) i2
Код характеристики содержания (ISBD) axxe
182 #0 - ПОЛЕ КОДИРОВАННЫХ ДАННЫХ: ТИП СРЕДСТВА
Код типа средства (ISBD) n - непосредственное
200 1# - ЗАГЛАВИЕ И СВЕДЕНИЯ ОБ ОТВЕТСТВЕННОСТИ
Основное заглавие Lc. 15: 11-32
Сведения, относящиеся к заглавию от идеи к воплощению
-- павильон России на 58-й Международной художественной выставке - La biennale di Venezia
Первые сведения об ответственности Государственный Эрмитаж
Последующие сведения об ответственности авторы: Александр Сокуров, Александр Шишкин-Хокусай
203 ## - ВИД СОДЕРЖАНИЯ И ТИП СРЕДСТВА
Вид содержания Изображение
-- Текст
Дополнительные сведения об издании визуальные
Тип средства непосредственные
210 ## - ПУБЛИКАЦИЯ, РАСПРОСТРАНЕНИЕ И ДР.
Место издания, распространения и т.д. Санкт-Петербург
Имя издателя, распространителя и т. д. Фонд "Эрмитаж XXI век"
Дата издания, распространения и т.д. [2020]
215 ## - ФИЗИЧЕСКАЯ ХАРАКТЕРИСТИКА
Специфическое обозначение материала и объем 237, [2] с.
Другие сведения о физической характеристике ил., цв. ил., портр.
Размеры 19
601 12 - НАИМЕНОВАНИЕ ОРГАНИЗАЦИИ КАК ПРЕДМЕТ
Начальный элемент ввода Международная художественная выставка
Структурное подразделение организации Павильон России
Порядковый номер временной организации и / или порядковый номер ее части 58
Место проведения временной организации Венеция, город; Италия
Дата проведения временной организации 2019
Системный номер авторитетной/нормативной записи 2665063
Идентификатор авторитетной/нормативной записи RU\NLR\AUTH\6601753090
675 ## - УНИВЕРСАЛЬНАЯ ДЕСЯТИЧНАЯ КЛАССИФИКАЦИЯ (UDC/УДК)
Индекс 75.03(47+57)
686 1# - ИНДЕКСЫ ДРУГИХ КЛАССИФИКАЦИЙ
Индекс Щ101.3(4Ит)6-692Венеция л62
702 #1 - ИМЯ ЛИЦА - ВТОРИЧНАЯ ОТВЕТСТВЕННОСТЬ
Начальный элемент ввода Сокуров
Часть имени, кроме начального элемента ввода А. Н.
Даты 1951-
Расширение инициалов личного имени Александр Николаевич
Код отношения Прочие
711 12 - НАИМЕНОВАНИЕ ОРГАНИЗАЦИИ - АЛЬТЕРНАТИВНАЯ ОТВЕТСТВЕННОСТЬ
Начальный элемент ввода Международная художественная выставка
Структурное подразделение Павильон России
Порядковый номер временной организации и / или порядковый номер ее части 58
Место проведения временной организации Венеция
Дата проведения временной организации 2019
Системный номер авторитетной/нормативной записи 2657527
Идентификатор авторитетной/нормативной записи RU\NLR\AUTH\880625159
942 ## - ДОПОЛНИТЕЛЬНЫЕ ЭЛЕМЕНТЫ ЗАПИСИ (АБИС)
Тип экземпляра АБИС Книга
980 ## - КОЛЛЕКЦИЯ
Название коллекции Национальная библиография
Экземпляры
Тип экземпляра Дата поступления Источник поступления Стоимость Библиотека постоянного хранения Библиотека текущего хранения Место хранения Шифр хранения Штрих-код Статус экземпляра
Книга 05.03.2025 Дар 280.00 РНБ (Московский) РНБ (Московский) Русский книжный фонд: издания с 1957 года 2025-3/4855 1-4845507